Central Library OPAC University of Rajshahi

Youthful offenders at Highfields : (Record no. 44639)

MARC details
000 -LEADER
fixed length control field 00938cam a22002291a 4500
001 - CONTROL NUMBER
control field 44639
003 - CONTROL NUMBER IDENTIFIER
rucl marc code BD-RjUL
005 - DATE AND TIME OF LATEST TRANSACTION
control field 20211209053907.0
008 - FIXED-LENGTH DATA ELEMENTS--GENERAL INFORMATION
fixed length control field 160718s1963 miu s000 0 eng
035 ## - SYSTEM CONTROL NUMBER
System control number (BD-RjUL)44757
System control number (OCoLC)1264851
040 ## - CATALOGING SOURCE
Original cataloging agency DLC
Transcribing agency FO
Modifying agency OCoLC
-- ODaWU
-- MoSU-L
-- OCoLC
-- DLC
-- BD-RjUL
Language of cataloging eng
041 ## - LANGUAGE CODE
Language code of text/sound track or separate title eng
082 ## - DEWEY DECIMAL CLASSIFICATION NUMBER
Classification number 364.72
Author mark and year WEY 1963
100 1# - MAIN ENTRY--PERSONAL NAME
Personal name Weeks, H. Ashley
Fuller form of name (Herbert Ashley),
Dates associated with a name 1903-
9 (RLIN) 136933
245 10 - TITLE STATEMENT
Title Youthful offenders at Highfields :
Remainder of title an evaluation of the effects of the short-term treatment of delinquent boys /
Statement of responsibility, etc. by H. Ashley Weeks ; with a foreword by Ernest W. Burgess and commentaries by Wellman J. Warner ... [et al.].
260 ## - PUBLICATION, DISTRIBUTION, ETC. (IMPRINT)
Place of publication, distribution, etc. Ann Arbor :
Name of publisher, distributor, etc. University of Michigan Press,
Date of publication, distribution, etc. 1959, c1958.
300 ## - PHYSICAL DESCRIPTION
Pagination 208 p. ;
Size 24 cm.
610 20 - SUBJECT ADDED ENTRY--CORPORATE NAME
Corporate name or jurisdiction name as entry element Highfields Experimental Treatment Project for Youthful Offenders (Hopewell, N.J.)
942 ## - ADDED ENTRY ELEMENTS (KOHA)
Source of classification or shelving scheme Dewey Decimal Classification
Koha item type Books
Holdings
Lost status Source of classification or shelving scheme Damaged status Not for loan Collection code Permanent Location Current Location Shelving location Date acquired Source of acquisition Total Checkouts Full call number Date last seen Copy number Koha item type
  Dewey Decimal Classification     Non-fiction Central Library, University of Rajshahi Central Library, University of Rajshahi   06/07/1966 Asia Foundation   364.72 WEY 1963 18/07/2016 C-2 Books